Practical Computer Analysis of Switch Mode Power Supplies / (Record no. 176955)
[ view plain ]
| 000 -LEADER | |
|---|---|
| fixed length control field | 00921 a2200205 4500 |
| 003 - CONTROL NUMBER IDENTIFIER | |
| control field | Nust |
| 005 - DATE AND TIME OF LATEST TRANSACTION | |
| control field | 20220803102157.0 |
| 010 ## - LIBRARY OF CONGRESS CONTROL NUMBER | |
| LC control number | 2005050581 |
| 020 ## - INTERNATIONAL STANDARD BOOK NUMBER | |
| International Standard Book Number | 0824753879 |
| 040 ## - CATALOGING SOURCE | |
| Transcribing agency | Nust |
| 082 00 - DEWEY DECIMAL CLASSIFICATION NUMBER | |
| Classification number | 621.317,BEN |
| 100 1# - MAIN ENTRY--PERSONAL NAME | |
| Personal name | Bennett, Johnny C. |
| 9 (RLIN) | 96380 |
| 245 10 - TITLE STATEMENT | |
| Title | Practical Computer Analysis of Switch Mode Power Supplies / |
| Statement of responsibility, etc. | Johnny C. Bennett. |
| 260 ## - PUBLICATION, DISTRIBUTION, ETC. | |
| Place of publication, distribution, etc. | Boca Raton, FL : |
| Name of publisher, distributor, etc. | Taylor & Francis, |
| Date of publication, distribution, etc. | 2005. |
| 300 ## - PHYSICAL DESCRIPTION | |
| Extent | 260 p. : |
| Other physical details | ill. ; |
| Dimensions | 24 cm. |
| 505 ## - FORMATTED CONTENTS NOTE | |
| Formatted contents note | Review of switch mode power supply fundamentals (Page-1), SMPS analysis requirements (Page-19), Fundamental switch mode converter model development (Page-37), Analyzing the fundamental SMPS model (Page-59), SMPS component models (Page-95), Analyzing the advanced SMPS model (Page-129) |
| 650 #0 - SUBJECT ADDED ENTRY--TOPICAL TERM | |
| Topical term or geographic name entry element | Telecommunication Engineering |
| 856 42 - ELECTRONIC LOCATION AND ACCESS | |
| Materials specified | Publisher description |
| Uniform Resource Identifier | <a href="http://www.loc.gov/catdir/enhancements/fy0647/2005050581-d.html">http://www.loc.gov/catdir/enhancements/fy0647/2005050581-d.html</a> |
| 942 ## - ADDED ENTRY ELEMENTS (KOHA) | |
| Koha item type | Reference |
| Source of classification or shelving scheme | |
| Withdrawn status | Lost status | Source of classification or shelving scheme | Damaged status | Not for loan | Permanent Location | Current Location | Shelving location | Date acquired | Full call number | Barcode | Date last seen | Price effective from | Koha item type | Public note |
|---|---|---|---|---|---|---|---|---|---|---|---|---|---|---|
| Military College of Signals (MCS) | Military College of Signals (MCS) | Reference | 12/12/2016 | 621.317,BEN | MCS32465 | 12/08/2016 | 12/12/2016 | Reference | Almirah No.20, Shelf No.3 |
